000
00343nam a2200145Ia 4500
100
_a
Gayakwad/Ramakant A
650
_a
Electrical Engineering
942
_c
BK
654
_a
Engineering
245
_a
OP-Amps & Linear Integrated Circuits
260
_b
prentice
_a
New Delhi
_c
1993
082
_a
621.381535
546
_a
ENGLISH
999
_c
34073
_d
34073